Practical manual of biochemistry
Saved in:
| Main Author: | |
|---|---|
| Format: | Book |
| Language: | English |
| Published: |
C.B.S. P ublisers
2020
|
| Tags: |
Add Tag
No Tags, Be the first to tag this record!
|
MARC
| LEADER | 00000nam a22000007a 4500 | ||
|---|---|---|---|
| 008 | 210908b ||||| |||| 00| 0 eng d | ||
| 020 | |a 9789389396300 | ||
| 100 | |a KAUSHIK, G.G.. |a Neha Sharma, Sabira Dabeer,Ruchi Jindal. | ||
| 245 | |a Practical manual of biochemistry |c G.G. Kaushik ,Neha Sharma {et al...} |g xvi ,138p.ill. | ||
| 260 | |b C.B.S. P ublisers |c 2020 |d Book |h New Delhi. |i 697012 |i 697013 |l Q 519.P88 |m Biochemistry-Laboratory manuals | ||
| 942 | |a lcc |c BK |e Olagoke M.A. |f 09/09/2021 | ||
| 952 | |0 0 |1 0 |2 lcc |4 0 |7 0 |9 3437 |a HOL |b SL |c QZ |d 2021-09-08 |o Q 519.P88 |p 2021-67146 |r 2021-09-08 00:00:00 |t 697012 |w 2021-09-08 |y BK | ||
| 952 | |0 0 |1 0 |2 lcc |4 0 |7 0 |9 3438 |a HOL |b HOL |c QZ |d 2021-09-08 |o Q 519.P88 |p 2021-67147 |r 2021-09-08 00:00:00 |t 697013 |w 2021-09-08 |y BK | ||
| 999 | |c 1713 |d 1713 | ||